Economics : (Record no. 8582)
[ view plain ]
| 000 -LEADER | |
|---|---|
| fixed length control field | 00577cam a2200241 a 4500 |
| 001 - CONTROL NUMBER | |
| JCCL Control Number | 8582 |
| 003 - CONTROL NUMBER IDENTIFIER | |
| JCCL marc code | BD-JhCC |
| 005 - DATE AND TIME OF LATEST TRANSACTION | |
| control field | 20180920124254.0 |
| 008 - FIXED-LENGTH DATA ELEMENTS--GENERAL INFORMATION | |
| fixed length control field | 881019s1988 enk | |||| ||eng| |
| 020 ## - INTERNATIONAL STANDARD BOOK NUMBER | |
| International Standard Book Number | 0713177519 |
| 035 ## - SYSTEM CONTROL NUMBER | |
| system control number | (BD-JhCC)8582 |
| 040 ## - CATALOGING SOURCE | |
| Original cataloging agency | BD-JhCC |
| Modifying agency | BD-JhCC |
| 041 ## - LANGUAGE CODE | |
| Language code of Book | eng |
| 082 ## - DEWEY DECIMAL CLASSIFICATION NUMBER | |
| Author mark and Year | HOB 1988 |
| Classification number | 330 |
| 100 1# - MAIN ENTRY--PERSONAL NAME | |
| Personal name | Hobday, Ian. |
| 245 10 - TITLE STATEMENT | |
| Title | Economics : |
| Remainder of title | a first course / |
| Statement of responsibility, etc | Ian Hobday. |
| 250 ## - EDITION STATEMENT | |
| Edition statement | 2nd ed. |
| 260 ## - PUBLICATION, DISTRIBUTION, ETC. (IMPRINT) | |
| Place of publication, distribution, etc | London : |
| Name of publisher, distributor, etc | Edward Arnold, |
| Date of publication, distribution, etc | 1988. |
| 300 ## - PHYSICAL DESCRIPTION | |
| Pagination | [304]p ; |
| Dimensions | 24cm. |
| 650 #0 - SUBJECT ADDED ENTRY--TOPICAL TERM | |
| Topical term or geographic name as entry element | Economics. |
| 942 ## - ADDED ENTRY ELEMENTS (KOHA) | |
| Source of classification or shelving scheme | Dewey Decimal Classification |
| Koha item type | Books |
| Source of classification or shelving scheme | Damaged status | Not for loan | Home library | Current library | Shelving location | Total Checkouts | Full call number | Barcode | Date last seen | Copy number | Koha item type | Date of accession |
|---|---|---|---|---|---|---|---|---|---|---|---|---|
| Dewey Decimal Classification | JCC Rouf Library | JCC Rouf Library | General Stacks | 330 HOB 1988 | 11224 | 02/27/2018 | C-1 | Books | ||||
| Dewey Decimal Classification | JCC Rouf Library | JCC Rouf Library | General Stacks | 330 HOB 1988 | 11320 | 03/22/2018 | C-2 | Books | 03/22/2018 |